Continuity and change in urban transformation, a city layered in time: a case of Bangalore (Record no. 13659)

000 -LEADER
fixed length control field 00398nam a22001337a 4500
008 - FIXED-LENGTH DATA ELEMENTS--GENERAL INFORMATION
fixed length control field 250731b ||||| |||| 00| 0 eng d
040 ## - CATALOGING SOURCE
Original cataloging agency BMSCA
100 ## - MAIN ENTRY--PERSONAL NAME
Personal name Madhumathi
245 ## - TITLE STATEMENT
Title Continuity and change in urban transformation, a city layered in time: a case of Bangalore
300 ## - PHYSICAL DESCRIPTION
Extent pp
502 ## - DISSERTATION NOTE
Name of granting institution Visvesvaraya Technological University
Year degree granted 2024
700 ## - ADDED ENTRY--PERSONAL NAME
Personal name Guide: Lekha Hegde
942 ## - ADDED ENTRY ELEMENTS (KOHA)
Source of classification or shelving scheme
Holdings
Withdrawn status Lost status Source of classification or shelving scheme Damaged status Not for loan Permanent Location Current Location Date acquired Barcode Date last seen Koha item type
          BMS College of Architecture, Design and Planning BMS College of Architecture, Design and Planning 2025-07-31 AR-TH4 2025-07-31 Thesis
Copyright © 2025, The Librarian, Library and Information Centre, BMSCA D&P, Bengaluru. All Rights Reserved
web counter

Powered by Koha